000 00595nam a2200217 i 4500
001 bgj
100 1 _aTRELEASE, Jim.
245 1 0 _aThe Read-Aloud Handbook /
_cby Jim Trelease ; photos by Joanne Rathe.
250 _a[Rev. ed.].
260 _aNew York :
_bPenguin Books,
_c1985.
300 _aXIX, 243 pp :
_bill. ;
_c24 cm.
504 _aBibliography p. 233-236.
505 _aIncludes index.
650 9 _aReading aloud
020 _a0140467270 (pbk)
040 _cBPK
041 0 _aeng
920 _a0-14-046727-0 (pbk)
942 _cKS
008 s uk f |000 0 eng
999 _c41365
_d41365
856 _uhttp://koha.tu.koszalin.pl/cgi-bin/koha/opac-detail.pl?biblionumber=41365
_yKatalog online BPK